Las ciudades: César o nada, el mundo es ansí, la sensualidad pervertida

Salvato in:
Dettagli Bibliografici
Autore principale: Baroja, Pío (Autore)
Natura: Libro
Lingua:spagnolo
Pubblicazione: Madrid Alianza 1967
Serie:El Libro de Bolsillo
Soggetti:
Tags: Aggiungi Tag
Nessun Tag, puoi essere il primo ad aggiungerne!!

MARC

LEADER 00000nam a2200000 a 4500
001 UCP1883
003 CL-VaPUC
008 990426e19670000SP |||||||||||||||||spa|d
082 0 4 |a 863  |b BAR  |2 21 
100 0 |a Baroja, Pío  |e author  |9 322211 
245 1 4 |a Las ciudades: César o nada, el mundo es ansí, la sensualidad pervertida 
300 |a 718 p 
942 |c BK 
945 |d 19990426 00:00:00  |a lriquelm 
260 |a Madrid  |b Alianza  |c 1967 
650 0 |a Novelas españolas  |9 265052 
650 0 |a Literatura española  |9 306261 
583 |a last modification  |c 19990426 00:00:00  |k Rodrigo Vera 
490 0 |a El Libro de Bolsillo 
999 |c 280514  |d 280512 
952 |0 0  |1 0  |4 0  |6 863_000000000000000_BAR_1967  |7 0  |8 A  |9 320849  |a BIBEDU  |b BIBEDU  |d 2019-11-20  |i 1338064  |o 863 BAR 1967  |p 1338064  |r 2019-11-20  |w 2019-11-20  |y BK  |k LIT